000 00470pab a2200169 454500
008 180718b2008 xxu||||| |||| 00| 0 eng d
100 _aRath, Arun Kumar
245 _aPublic enterprise governance: challenges for the twenty-first century
260 _c2008
300 _ap.119-52.
362 _aJan-Dec
650 _aPublic sector - 21st century
650 _aPublic sector
773 _aJournal of Institute of Public Enterprise
908 _aN
909 _a83194
999 _c83194
_d83194